000
00220nam a22000857a 4500
008
160810b xxu||||| |||| 00| 0 eng d
100
_9
96
_a
Bhat R.L
245
_a
Social Science-VII
260
_a
New Delhi
_b
Holy faith publication
999
_c
2750
_d
2750